000 00559nam a22001817a 4500
005 20240923101451.0
008 240920b |||||||| |||| 00| 0 eng d
020 _a978-93-5480-656-8
041 _aeng
082 _a615.150 78
100 _aPANDEY, DR. DESH DEEPAK & YADAV, DR. AJIT KUMAR AND SRIVASTAVA, MONIKA SAXENA
_98577
245 _aLAB MANUAL PRACTICAL [ D.PHARMA, 2ND YEAR] PART-II
250 _a1 ST RE- PRINT ED. 2022
260 _aLUCKNOW
_bTHAKUR PUBLICATION PVT.LTD
300 _aE-55;P
650 _aPHARMACY
_xD.PHARMA
942 _cBK
999 _c8706
_d8704